| 000 | 00851nam a22002652a 4500 | ||
|---|---|---|---|
| 001 | 76724 | ||
| 003 | BD-RjUL | ||
| 005 | 20211209082858.0 | ||
| 008 | 200114r19581952at 001 0 eng d | ||
| 035 | _aOCLC ocm04603507 from D950131M | ||
| 035 | _a(BD-RjUL)76948 | ||
| 040 |
_aOKD _cOKD _dOCL _dKUK _dEQO _dBD-RjUL _beng |
||
| 041 | _aeng | ||
| 082 |
_223 _a821.08 _bMAA 1958 |
||
| 092 | _aD0502173145 | ||
| 100 | 1 |
_aMackaness, George, _d1882-1968. _9237550 |
|
| 245 | 1 | 3 |
_aAn anthology of Australian verse / _cchosen by George Machaness |
| 250 | _a2nd ed. rev | ||
| 260 |
_aSydney ; _aLondon : _bAngus and Robertson, _c1952, [reprinted 1958] |
||
| 300 |
_aix, 406 p. ; _c22 cm |
||
| 500 | _a"First published as Poets of Australia, 1946." | ||
| 500 | _aIncludes index and list of authors | ||
| 650 |
_aAustralian poetry _9237551 |
||
| 942 |
_2ddc _cBK |
||
| 999 |
_c76724 _d76724 |
||